[Event "Hallstahammar op"]
[Site "Hallstahammar"]
[Date "2003.09.13"]
[Round "5"]
[White "Forssell, Joel"]
[Black "Mansour, Ali"]
[Result "0-1"]
[WhiteElo "1403"]
[BlackElo "1560"]
[PlyCount "59"]
[EventDate "2003.09.12"]
[EventType "swiss"]
[EventRounds "7"]
[EventCountry "SWE"]
[SourceTitle "CBM 096 Extra"]
[Source "ChessBase"]
[SourceDate "2003.10.22"]
[SourceVersion "2"]
[SourceVersionDate "2003.10.20"]
[SourceQuality "1"]

1. e4 c5 2. Nf3 Nc6 3. d4 cxd4 4. Nxd4 g6 5. Nc3 Bg7 6. Be3 Nf6 7. f3 a6 8. Qd2 0-0 9. 0-0-0 Qc7 10. h4 h5 11. Be2 d6 12. Bh6 Nxd4 13. Bxg7 Nxe2+ 14. Qxe2 Kxg7 15. Rdg1 Bd7 16. g4 Rac8 17. gxh5 Nxh5 18. Nd5 Qc5 19. f4 Nf6 20. h5 Nxd5 21. exd5 Bf5 22. c3 Qxd5 23. Qxe7 Qd3 24. Rh2 Qb1+ 25. Kd2 Qxg1 26. h6+ Kh7 27. Re2 Kxh6 28. Qh4+ Kg7 29. Rh2 Rh8 30. Qf6+ 0-1